|
|
|
|
| LEADER |
01147nam a22002658a 4500 |
| 001 |
c000016009 |
| 003 |
CARM |
| 005 |
00000000000000.0 |
| 008 |
890922s1990 mau b 00100 eng |
| 019 |
1 |
|
|a 6781121
|5 LACONCORD2021
|
| 020 |
|
|
|a 0792390539
|
| 035 |
|
|
|a (OCoLC)20491776
|5 LACONCORD2021
|
| 050 |
0 |
0 |
|a TK7874
|b .A418 1990
|
| 245 |
0 |
0 |
|a Algorithmic and register-transfer level synthesis :
|b the system architect's workbench /
|c by D.E. Thomas ... [et al.].
|
| 260 |
|
|
|a Boston :
|b Kluwer Academic Publishers,
|c c1990.
|
| 300 |
|
|
|a p. cm.
|
| 440 |
|
0 |
|a Kluwer international series in engineering and computer science.
|p VLSI, computer architecture, and digital signal processing
|
| 504 |
|
|
|a Includes bibliographical references.
|
| 650 |
|
0 |
|a Integrated circuits
|x Design and construction.
|
| 650 |
|
0 |
|a Computer architecture.
|
| 700 |
1 |
|
|a Thomas, D. E.
|q (Donald E.),
|d 1951-
|
| 852 |
8 |
|
|b CARM
|h A2:AJ21F0
|i C04643
|p 0190830
|f BK
|
| 082 |
0 |
4 |
|a 621.39/5
|2 20
|
| 999 |
f |
f |
|i 9142ba80-1f02-5fc1-bce7-c515597b8e17
|s cbc1fa60-5baf-5e3c-80f1-7cc24593757b
|
| 952 |
f |
f |
|p Can circulate
|a CAVAL
|b CAVAL
|c CAVAL
|d CARM 1 Store
|e C04643
|f A2:AJ21F0
|h Other scheme
|i book
|m 0190830
|